Noël dans Harry Potter - Statistiques

Statistiques générales
  • Ce quiz a été pris 254 fois
  • Le résultat moyen est 4 sur 7
Statistiques - réponses
Hint Réponse % Correct
Harry devient invisible avant de contempler son reflet dans un miroir tome 1
90%
Chaussettes dépareillées mais cavalière assortie à celle de son meilleur ami tome 4
65%
Les gâteaux étaient drogués, les boissons avaient mauvais goût et Harry reçoit un cure-dents tome 2
51%
Baiser, cauchemar, pompiers, possession et portrait grincheux tome 5
48%
Hermione pique son cadeau à Harry et Trelawney prédit sans le savoir la mort de Dumbledore tome 3
46%
Un esprit frappeur hurle dans les couloirs : « Potty aaaaiiiiime Loufoca ! » tome 6
42%
Harry voulait une épée mais reçoit à la place un sortilège d'explosion tome 7
33%
Aucun quiz correspondant
Distribution des résultats
% des personnes avec chaque résultat
Percentile par nombre de réponses
Votre historique - résultats
Vous n’avez pas pris ce quiz